000 01146cab a2200289 4500
001 ABS57323
008 090401t1997 xxu||||| |||| 00| 0 eng d
035 _a(Sirsi) u79635
041 _aeng
245 _aRe Park Air Services plc; Christopher Moran Holdings Ltd v Bairstow and another
260 _c1997
350 _a0
490 _aAll England Law Reports
_v[1997] 3 All ER 193-205(13)
520 _aCA 1 May 1997. Landlord C appealed against an earlier decision that proof of debt for loss or damage under Insolvency Act 1986 s178(6) be calculated as the subtraction of the `residual amount` from the `no disclaimer amount` plus an amount added for dilapidation (ABS55555). Appeal allowed.
650 _aDISCLAIMERS
650 _aINSOLVENCY ACT 1988 S178(6)
650 _aInsolvency
_96247
650 _aLEASES
650 _aLIQUIDATION
650 _aMARKET RENT
650 _aOVER-RENTED PROPERTY
650 _aRE PARK AIR SERVICES PLC; CHRISTOPHER MORAN HOLDINGS LTD V BAIRSTOW AN
650 _aVOLUNTARY LIQUIDATION
690 _aLANDLORD AND TENANT-CASE LAW-BUSINESS TENANCIES
942 _n0
948 _c15/07/1997
999 _c50083
_d50083